Nghệ thuật kể chuyện bằng hình ảnh

Nội dung sách hướng dẫn kỹ năng viết kịch bản thành 12 yếu tố chính, từ nắm rõ các nguyên lý, hiểu cấu trúc câu chuyện, phát triển câu chuyện của bạn... đến sửa đổi, viết lại để tạo ra kịch bản của riêng mình...

Descripción completa

Guardado en:
Detalles Bibliográficos
Autor principal: Hoxter, Julian
Otros Autores: Hạnh Dung (Dịch)
Formato: Libro
Lenguaje:Vietnamese
Publicado: H. Lao động 2025
Edición:Tái bản có chỉnh sửa
Materias:
Etiquetas: Agregar Etiqueta
Sin Etiquetas, Sea el primero en etiquetar este registro!
Thư viện lưu trữ: Thư viện Trường Đại học Nam Cần Thơ
LEADER 01641nam a22002537a 4500
001 NCT_4_026079
008 250911b xxu||||| |||| 00| 0 vie d
999 |c 9288  |d 9288 
020 |a 9786043258875  |c 179000 
082 0 4 |2 23rd ed.  |a 791.4361  |b H871 
100 1 |a Hoxter, Julian 
245 1 0 |a Nghệ thuật kể chuyện bằng hình ảnh  |c Julian Hoxter ; Hạnh Dung (Dịch) 
250 |a Tái bản có chỉnh sửa 
260 |a H.  |b Lao động  |c 2025 
300 |a 319 tr.  |b Minh họa  |c 21 cm 
500 |a Tên sách tiếng Anh: The creative screenwriter : 12 rules to follow-and break-to unlock your screenwriting potential 
520 3 |a Nội dung sách hướng dẫn kỹ năng viết kịch bản thành 12 yếu tố chính, từ nắm rõ các nguyên lý, hiểu cấu trúc câu chuyện, phát triển câu chuyện của bạn... đến sửa đổi, viết lại để tạo ra kịch bản của riêng mình 
653 |a Truyền thông đa phương tiện 
700 0 |a Hạnh Dung  |e Dịch 
942 |2 ddc  |c BK 
952 |0 0  |1 0  |2 ddc  |4 0  |6 791_436100000000000_H871  |7 0  |9 31393  |a 000001  |b 000001  |d 2025-09-19  |o 791.4361 H871  |p MD.24427  |r 2025-09-19  |v 179000.00  |w 2025-09-19  |y BK 
952 |0 0  |1 0  |2 ddc  |4 0  |6 791_436100000000000_H871  |7 0  |9 31394  |a 000001  |b 000001  |d 2025-09-19  |o 791.4361 H871  |p MD.24428  |r 2025-09-19  |v 179000.00  |w 2025-09-19  |y BK 
952 |0 0  |1 0  |2 ddc  |4 0  |6 791_436100000000000_H871  |7 0  |9 31395  |a 000001  |b 000001  |d 2025-09-19  |o 791.4361 H871  |p MD.24429  |r 2025-09-19  |v 179000.00  |w 2025-09-19  |y BK 
980 |a Thư viện Trường Đại học Nam Cần Thơ